| 000 | 00426nam a2200157 i 4500 | ||
|---|---|---|---|
| 001 | 48977 | ||
| 003 | ES-MaACL | ||
| 005 | 20230906161846.0 | ||
| 007 | t| | ||
| 008 | 030703s1922 sp ||||1| spa d | ||
| 100 | 1 |
_aCornevin, Charles. _940628 |
|
| 245 | 1 | 4 |
_aLas vacas de leche / _cCharles Cornevin. |
| 260 |
_aMadrid : _b[s.n.], _c1922 ( _fTalleres Poligráficos) |
||
| 300 |
_a181 p. ; _c18 cm. |
||
| 852 |
_aES-MaACL _jA-4725 |
||
| 999 |
_c48977 _d48977 |
||